| 000 | 00628nam a2200205 i 4500 | ||
|---|---|---|---|
| 001 | 18336 | ||
| 003 | ES-MaACL | ||
| 005 | 20250710063338.0 | ||
| 007 | t| | ||
| 008 | 011011s2001 sp ||||1| spa d | ||
| 020 | _a84-95580-07-1 | ||
| 080 | _a821.133.1-31"18" | ||
| 100 | 1 |
_aMürger, Henry, _d1822-1861 _984575 |
|
| 245 | 1 | 0 |
_aEscenas de la vida bohemia / _cHenry Murger ; traducción de Miguel Giménez Saurina. |
| 260 |
_a[Barcelona] : _bMontesinos, _c[2001] |
||
| 300 |
_a310 p. ; _c22 cm. |
||
| 700 | 1 |
_aGiménez Saurina, Miguel. _957070 |
|
| 852 |
_aES-MaACL _jL-24990 _bR.130263 |
||
| 999 |
_c18336 _d18336 |
||